Statistiques concernant Pays par frontières n°1

Cliquez ici pour prendre le quiz!

Statistiques générales

  • Ce quiz a été pris 5 526 fois
  • Le résultat moyen est 17 sur 20

Statistiques - réponses

Pays frontaliersRéponse% Correct
Canada, MexiqueEtats-Unis
100%
EspagnePortugal
98%
Royaume-UniIrlande
96%
Allemagne, BelgiquePays-Bas
96%
Espagne, FranceAndorre
95%
Lettonie, RussieEstonie
94%
Algérie, LibyeTunisie
90%
Argentine, BrésilUruguay
89%
AllemagneDanemark
87%
République dominicaineHaïti
85%
Allemagne, Autriche, Pologne, SlovaquieRépublique tchèque
85%
Cambodge, Chine, LaosViêt Nam
85%
Israël, Libye, SoudanÉgypte
83%
Nicaragua, PanamaCosta Rica
82%
Colombie, Costa RicaPanama
80%
Albanie, Bulgarie, Macédoine du Nord, TurquieGrèce
78%
Birmanie, IndeBangladesh
76%
Djibouti, Ethiopie, KenyaSomalie
75%
Arabie Saoudite, IrakKoweït
70%
SénégalGambie
67%

Distribution des résultats

Percentile par nombre de réponses

% des personnes avec chaque résultat

Votre développement - résultats

Vous n’avez pas pris ce quiz